000 00221nam a22001097a 4500
082 _a006.6AMM
100 _aAmmeraal
245 _acomputer graphics for the IBM PC
260 _aN.Y
_c1987
300 _a141
942 _cBK
999 _c14041
_d14041